00273nam a2200109Ia 45000010005000000080041000050200022000460820022000681000023000902450027001132600023001403918241024s9999 xx 000 0 und d a978-9945-465-29-7 aRD/863.97293/J61b aJosefina Jiménez 0aBuscaré la Primavera bEdiciones CPc2013